Doom (2016) - Demons - Statistics

General Stats
  • This quiz has been taken 78 times
  • The average score is 14 of 20
Answer Stats
Demons % Correct
Imp
96%
Cacodemon
90%
Hell Knight
86%
Pinky
86%
Baron of Hell
84%
Mancubus
84%
Cyberdemon
82%
Revenant
78%
The Possessed
76%
Spider Mastermind
75%
Spectre
69%
Cyber-Mancubus
67%
Summoner
67%
Lost Soul
65%
Possessed Soldier
63%
Unwilling
55%
Hell Razer
53%
Hell Guards
43%
Possessed Engineer
43%
Possessed Security
37%
No matching quizzes found
Score Distribution
Percent of People with Each Score
Percentile by Number Answered
Your Score History
You have not taken this quiz